000 00428nam a2200157Ia 4500
005 20250108020214.0
008 240331s9999 xx 000 0 und d
082 _bHET
_21752
_a305.23
245 0 _aUnrest or Revolt
_bSome aspects of Youth Unrest in Sri Lanka
260 _aColombo
_bGoethe-Institut-Colombo
_c1992
300 _aii, 128 p.,
650 _aYouth
650 _aSociology
700 _aHettige, S T
_eedt
942 _cL
999 _c1546
_d1546